Les inscriptions assyriennes des Sargonides et les fastes de Ninive / (Record no. 161030)

MARC details
000 -LEADER
campo de control de longitud fija 00709nam a2200181 i 4500
001 - NÚMERO DE CONTROL
campo de control 161030
003 - IDENTIFICADOR DE NÚMERO DE CONTROL
campo de control ES-MaACL
005 - FECHA Y HORA DE LA ÚLTIMA TRANSACCIÓN
campo de control 20230906212159.0
008 - DATOS DE LONGITUD FIJA--INFORMACIÓN GENERAL
campo de control de longitud fija 041008s1862 fr |||| | fre d
040 ## - FUENTE DE CATALOGACIÓN
Centro catalogador/agencia de origen CAM
Lengua de catalogación spa
Centro/agencia transcriptor CAM
100 1# - ENTRADA PRINCIPAL--NOMBRE DE PERSONA
Nombre de persona Oppert, Jules.
9 (RLIN) 130662
245 14 - MENCIÓN DEL TÍTULO
Título Les inscriptions assyriennes des Sargonides et les fastes de Ninive /
Mención de responsabilidad, etc. par Jules Oppert.
260 ## - PUBLICACIÓN, DISTRIBUCIÓN, ETC.
Lugar de publicación, distribución, etc. Versailles :
Nombre del editor, distribuidor, etc. [s.n.],
Fecha de publicación, distribución, etc. 1862 (
Fabricante Imprimerie de Beau Jeune, Éditeur)
300 ## - DESCRIPCIÓN FÍSICA
Extensión 60 p. ;
Dimensiones 22 cm.
500 ## - NOTA GENERAL
Nota general Extrait du t.VI (5e série) des Annales de Philosophie chrétienne)
650 #4 - PUNTO DE ACCESO ADICIONAL DE MATERIA--TÉRMINO DE MATERIA
Término de materia o nombre geográfico como elemento de entrada Escritura asiria.
9 (RLIN) 136036
852 ## - LOCALIZACIÓN
Ubicación ES-MaACL
Número de control de estantería G-6374
Nota libre -- Enc. hol.
condición física -- Falto de la cub. original
Nota libre -- Enc. en un vol. facticio
Holdings
Estatus retirado Estado de pérdida Estado de daño No para préstamo Colección Biblioteca de origen Biblioteca actual Ubicación en estantería Fecha de adquisición Fuente de adquisición Total de préstamos Signatura topográfica completa Código de barras Visto por última vez Precio de reemplazo Tipo de ítem Koha
        Libros del s. XIX Biblioteca del Ateneo de Madrid Biblioteca del Ateneo de Madrid Depósito 2 17/01/2008     G-6374 1168649 23/02/2023 23/02/2023 Libro impreso antiguo